000
00311nam a22001337a 4500
020
_a
788193769713
082
_a
001
_b
MAN/Y
100
_a
MANORAMA
245
_a
MANORAMA YEARBOOK 2019
260
_a
KOTTAYAM
_b
MALAYALA MANORAMA PRESS
_c
2019
300
_a
1039
650
_a
GENERAL KNOWLEDGE
_z
INDIA
942
_c
BK
999
_c
6684
_d
6684